NewJeans songs- sudden death - Statistics

General Stats
  • This quiz has been taken 522 times
  • The average score is 9 of 14
Answers on the Grid
Answers color-coded by a green-red scale on the quiz's grid according to % correct below.
Super Shy
Superficial
Higher than Heaven
How Sweet
Do u Really?
Flicker
Attention
IYKYK
Cool Without You
Our Night is More Beautiful Than Your Day
Ditto
Passionfruit
OMG
New Jeans
Pain
Igloo
Bubble Gum
Get Down
Cookie
Beautiful Restriction
Sticky
Gods
I Don't Care
Taste
Zero
ETA
Just For Now
Coca-Cola is Delicious
Hype Boy
I Got You
 
Answer Stats
Answer % Correct
Super Shy
97%
Attention
81%
How Sweet
80%
Ditto
74%
OMG
69%
New Jeans
66%
Cookie
64%
ETA
64%
Hype Boy
64%
Bubble Gum
61%
Zero
55%
Gods
53%
Our Night is More Beautiful Than Your Day
42%
Beautiful Restriction
29%
No matching quizzes found
Score Distribution
Percent of People with Each Score
Percentile by Number Answered
Your Score History
You have not taken this quiz